Départements de Bourgogne-Franche-Comté (carte) - Statistiques

Statistiques générales
  • Ce quiz a été pris 9 888 fois
  • Le résultat moyen est 6 sur 8
Réponses sur la Carte
Les réponses sont colorées sur une échelle allant du rouge au vert en fonction du pourcentage des utilisateurs qui les ont devinées à leur premier essai. Vous pouvez retrouver ces pourcentages ci-dessous.
 
Statistiques - réponses
Départements % Correct
39 Jura
82%
90 Territoire de Belfort
80%
21 Côte-d'Or
76%
25 Doubs
73%
89 Yonne
67%
70 Haute-Saône
65%
71 Saône-et-Loire
65%
58 Nièvre
63%
Aucun quiz correspondant
Distribution des résultats
% des personnes avec chaque résultat
Percentile par nombre de réponses
Votre historique - résultats
Vous n’avez pas pris ce quiz